[Event "FICGS W-ch final email"]
[Site "FICGS email"]
[Date "2014.11.14"]
[Round "1"]
[White "Schutte, John"]
[Black "Komaromi, Gabor"]
[Result "1/2-1/2"]
[WhiteElo "2353"]
[BlackElo "2154"]
[PlyCount "57"]
[EventDate "2014.??.??"]
[EventType "tourn (corr)"]
[EventRounds "6"]
[EventCategory "5"]
[SourceTitle "Corr 2022"]
[Source "ChessBase"]
[SourceDate "2021.10.24"]
[SourceVersion "1"]
[SourceVersionDate "2021.10.24"]
[SourceQuality "1"]

1. d4 d5 2. c4 c6 3. Nf3 Nf6 4. Nc3 e6 5. Bg5 h6 6. Bh4 dxc4 7. e4 g5 8. Bg3 b5 9. Be2 Bb7 10. h4 Rg8 11. hxg5 hxg5 12. e5 Nd5 13. Nd2 Nd7 14. Rh7 Nxc3 15. bxc3 c5 16. Rb1 Qc7 17. Bh5 Rg7 18. Rxg7 Bxg7 19. Qg4 0-0-0 20. Bxf7 cxd4 21. cxd4 c3 22. Bxe6 cxd2+ 23. Kxd2 Qa5+ 24. Kd3 Qa3+ 25. Rb3 Qa6 26. d5 b4+ 27. Qc4+ Qxc4+ 28. Kxc4 a5 29. Kb5 1/2-1/2

[Event "FICGS W-ch st2 g01 email"]
[Site "FICGS email"]
[Date "2014.03.18"]
[Round "1"]
[White "Komaromi, Gabor"]
[Black "Antonov, Vladimir"]
[Result "1/2-1/2"]
[WhiteElo "2126"]
[BlackElo "2329"]
[PlyCount "52"]
[EventDate "2014.??.??"]
[EventType "tourn (corr)"]
[EventRounds "8"]
[SourceTitle "Corr 2022"]
[Source "ChessBase"]
[SourceDate "2021.10.24"]
[SourceVersion "1"]
[SourceVersionDate "2021.10.24"]
[SourceQuality "1"]

1. d4 d5 2. c4 c6 3. Nf3 Nf6 4. Nc3 e6 5. Bg5 h6 6. Bh4 dxc4 7. e4 g5 8. Bg3 b5 9. Be2 Bb7 10. h4 g4 11. Ne5 Nbd7 12. Bxg4 Nxe5 13. Bxe5 Rg8 14. Bh3 b4 15. Ne2 Nxe4 16. Nf4 Qxh4 17. Qe2 Nd6 18. a3 b3 19. Rc1 Qe7 20. Nh5 Rg6 21. 0-0 0-0-0 22. Rfd1 Qc7 23. Rc3 Ba6 24. Nf4 Rg5 25. Re3 Qe7 26. d5 cxd5 1/2-1/2

[Event "FICGS W-ch st1 g05 email"]
[Site "FICGS email"]
[Date "2013.07.02"]
[Round "1"]
[White "Komaromi, Gabor"]
[Black "Denisov, Timofey"]
[Result "1-0"]
[WhiteElo "2110"]
[BlackElo "2034"]
[PlyCount "113"]
[EventDate "2013.??.??"]
[EventType "tourn (corr)"]
[EventRounds "8"]
[SourceTitle "Corr 2022"]
[Source "ChessBase"]
[SourceDate "2021.10.24"]
[SourceVersion "1"]
[SourceVersionDate "2021.10.24"]
[SourceQuality "1"]

1. d4 d5 2. c4 e6 3. Nc3 Nf6 4. Bg5 c6 5. e3 Nbd7 6. Nf3 Qa5 7. Nd2 Bb4 8. Qc2 0-0 9. Be2 dxc4 10. Bxf6 Nxf6 11. Nxc4 Qc7 12. a3 Be7 13. Rc1 Bd7 14. b4 Nd5 15. 0-0 Nb6 16. Na5 Rad8 17. g3 Nd5 18. Ne4 Bc8 19. Nc4 Kh8 20. Nc5 b6 21. Nd3 Bg5 22. a4 f6 23. Qb3 Qe7 24. Rfe1 Bd7 25. b5 Rc8 26. bxc6 Bxc6 27. Bf1 Bh6 28. a5 Rfd8 29. Bg2 Qe8 30. axb6 axb6 31. Ra1 Bb5 32. Ndb2 Bc6 33. e4 Ne7 34. Qxb6 Rb8 35. Qc5 Rb5 36. Qa3 Qf8 37. Rad1 Rbb8 38. d5 Bd7 39. d6 Ng6 40. e5 Qe8 41. Nd3 Ba4 42. Rb1 Rxb1 43. Rxb1 Bb5 44. Rb4 Bxc4 45. Rxc4 Nxe5 46. Rc7 Qf8 47. Nxe5 fxe5 48. Re7 Bg5 49. Rxe6 Qf7 50. Bd5 Rf8 51. Qc5 Qd7 52. Bc4 Bf6 53. Qc7 Qd8 54. Qc6 g6 55. d7 Be7 56. Rxe5 Kg7 57. Qd5 1-0

[Event "FICGS W-ch st1 g05 email"]
[Site "FICGS email"]
[Date "2013.07.02"]
[Round "1"]
[White "Pech, Jaroslav Senior"]
[Black "Komaromi, Gabor"]
[Result "0-1"]
[WhiteElo "1219"]
[BlackElo "2110"]
[PlyCount "32"]
[EventDate "2013.??.??"]
[EventType "tourn (corr)"]
[EventRounds "8"]
[SourceTitle "Corr 2022"]
[Source "ChessBase"]
[SourceDate "2021.10.24"]
[SourceVersion "1"]
[SourceVersionDate "2021.10.24"]
[SourceQuality "1"]

1. e4 e5 2. Nf3 Nc6 3. Bb5 a6 4. Ba4 Nf6 5. 0-0 d6 6. c3 Be7 7. Re1 Bg4 8. h3 Bh5 9. d3 0-0 10. Nbd2 Nd7 11. Nf1 Nc5 12. Bc2 Ne6 13. Ng3 Bg6 14. Be3 Bf6 15. Nf5 d5 16. Bb3 d4 0-1

[Event "RC-2013-0-00122"]
[Site "LSS email"]
[Date "2013.06.29"]
[Round "?"]
[White "Moreira, Jose Americo Paiva"]
[Black "Komaromi, Gabor"]
[Result "0-1"]
[WhiteElo "1885"]
[BlackElo "1769"]
[PlyCount "108"]
[EventDate "2013.05.14"]
[EventType "tourn (corr)"]
[EventRounds "6"]
[EventCountry "GER"]
[SourceTitle "Telechess CBM 161"]
[Source "ChessBase"]
[SourceDate "2014.07.16"]
[SourceVersion "1"]
[SourceVersionDate "2014.07.16"]
[SourceQuality "1"]

1. e4 c5 2. b4 cxb4 3. a3 e5 4. Nf3 Nc6 5. Bc4 Nf6 6. d3 Bc5 7. 0-0 0-0 8. axb4 Bxb4 9. c3 Ba5 10. Be3 d6 11. Qb3 a6 12. Qa3 h6 13. Nbd2 Bc7 14. Rfe1 d5 15. exd5 Nxd5 16. Bc5 Re8 17. Ne4 Bg4 18. Qb3 Be6 19. Bxd5 Qxd5 20. c4 Qd7 21. Bb6 Bg4 22. Nfd2 Nd4 23. Bxd4 exd4 24. Reb1 b6 25. h3 Bf5 26. Qd1 Qe6 27. Qf3 Bg6 28. c5 b5 29. Ng3 Rad8 30. h4 Bxg3 31. Qxg3 Qd5 32. Rxa6 Qxc5 33. Ra2 Qc6 34. Kh2 Re2 35. Rbb2 Kh7 36. Nf3 Rxb2 37. Rxb2 f6 38. Rb3 Bf7 39. Rb2 Qc5 40. Qf4 b4 41. Qe4+ Kg8 42. Qb7 Qd6+ 43. Kg1 Rb8 44. Qa7 Rc8 45. Rb1 b3 46. Qa1 Rc3 47. Ne1 Kh7 48. Qa7 Bg6 49. Qa5 Qe5 50. Qxe5 fxe5 51. f3 Bxd3 52. Nxd3 Rxd3 53. h5 Re3 54. Kf2 Kg8 0-1

[Event "RC-2013-0-00122"]
[Site "LSS email"]
[Date "2013.06.25"]
[Round "?"]
[White "Pilgram, Kurt"]
[Black "Komaromi, Gabor"]
[Result "0-1"]
[WhiteElo "1816"]
[BlackElo "1769"]
[PlyCount "84"]
[EventDate "2013.05.14"]
[EventType "tourn (corr)"]
[EventRounds "6"]
[EventCountry "GER"]
[SourceTitle "Telechess CBM 161"]
[Source "ChessBase"]
[SourceDate "2014.07.16"]
[SourceVersion "1"]
[SourceVersionDate "2014.07.16"]
[SourceQuality "1"]

1. d4 d5 2. c4 c6 3. Nf3 Nf6 4. e3 Bf5 5. Nc3 e6 6. Nh4 Bg6 7. Bd2 Nbd7 8. Nxg6 hxg6 9. c5 Be7 10. b4 Qc7 11. g3 0-0 12. Rb1 g5 13. Bd3 e5 14. 0-0 b6 15. f3 g6 16. Qc2 Rfe8 17. Rfe1 Kg7 18. a4 a5 19. cxb6 Qxb6 20. bxa5 Qxa5 21. Rb7 Bb4 22. Rb1 c5 23. Bb5 exd4 24. exd4 cxd4 25. Bxd7 Qc5 26. Kh1 Re2 27. Be6 Rxe6 28. R7xb4 Rc8 29. Rb5 Qc7 30. Rc1 g4 31. Qd1 dxc3 32. Rxc3 Qd7 33. Rxc8 Qxc8 34. fxg4 Nxg4 35. Kg1 d4 36. a5 Re8 37. h4 Qd7 38. Rb4 Qf5 39. Qf1 Qd5 40. Qc4 Qf3 41. Qxd4+ Nf6 42. Bc3 Qxg3+ 0-1

[Event "RC-2013-0-00117"]
[Site "LSS email"]
[Date "2013.04.06"]
[Round "?"]
[White "Posada, Charlie"]
[Black "Komaromi, Gabor"]
[Result "0-1"]
[WhiteElo "1713"]
[BlackElo "1769"]
[PlyCount "98"]
[EventDate "2013.01.27"]
[EventType "tourn (corr)"]
[EventRounds "6"]
[EventCountry "GER"]
[SourceTitle "Telechess CBM 161"]
[Source "ChessBase"]
[SourceDate "2014.07.16"]
[SourceVersion "1"]
[SourceVersionDate "2014.07.16"]
[SourceQuality "1"]

1. e4 c6 2. d4 d5 3. Nc3 dxe4 4. Nxe4 Bf5 5. Ng3 Bg6 6. h4 h6 7. Nf3 Nd7 8. Bd3 Bxd3 9. Qxd3 Ngf6 10. Bf4 Qa5+ 11. c3 e6 12. 0-0 Be7 13. Rfe1 Rd8 14. Ne4 Nxe4 15. Qxe4 Nf6 16. Qc2 0-0 17. b4 Qa3 18. Rab1 Nd5 19. Rb3 Qa6 20. Be5 Nb6 21. Re4 Nc4 22. Rg4 Nxe5 23. Nxe5 Bf6 24. Nd3 b6 25. Re4 Qc4 26. Rb2 Rd7 27. a4 Rd6 28. f3 Qa6 29. Ra2 Qb7 30. a5 Rd5 31. axb6 Qxb6 32. Nb2 Qd8 33. Nc4 Bxh4 34. Ne5 Bg3 35. Nxc6 Qg5 36. Qd2 Qh5 37. Ne7+ Kh8 38. Nxd5 Qh2+ 39. Kf1 exd5 40. Re7 Qh1+ 41. Ke2 Bd6 42. Re3 Bf4 43. Kf2 g5 44. Rxa7 Kg7 45. g3 Qh2+ 46. Ke1 Qxg3+ 47. Kd1 Re8 48. Rxe8 Bxd2 49. Kxd2 Qxf3 0-1

[Event "OP-2012-0-02197"]
[Site "LSS email"]
[Date "2012.05.15"]
[Round "?"]
[White "Komaromi, Gabor"]
[Black "Schenning, Albert AM"]
[Result "1-0"]
[WhiteElo "1601"]
[BlackElo "2100"]
[PlyCount "122"]
[EventDate "2012.05.11"]
[EventType "tourn (corr)"]
[EventRounds "4"]
[EventCountry "GER"]
[SourceTitle "Telechess CBM 165"]
[Source "ChessBase"]
[SourceDate "2015.03.11"]
[SourceVersion "1"]
[SourceVersionDate "2015.03.11"]
[SourceQuality "1"]

1. d4 Nf6 2. Bf4 d5 3. e3 Bf5 4. c4 e6 5. Qb3 b6 6. Nf3 Bd6 7. Ne5 0-0 8. Nc3 c5 9. Be2 Na6 10. 0-0 Nb4 11. Rac1 cxd4 12. exd4 dxc4 13. Bxc4 Rc8 14. Nb5 Nbd5 15. Nxd6 Qxd6 16. Bg3 Qe7 17. Rfe1 h6 18. Qa4 Qb4 19. Qxb4 Nxb4 20. a3 Nc2 21. Red1 Nxd4 22. Rxd4 b5 23. b4 Nd5 24. Rdd1 bxc4 25. Nxc4 Rfd8 26. f3 Bg6 27. Na5 Rxc1 28. Rxc1 Rd7 29. Nc6 f6 30. b5 Bd3 31. Nb8 Rb7 32. a4 e5 33. Na6 Bf5 34. Bf2 h5 35. Nc5 Rc7 36. a5 Rc8 37. Ra1 Kf7 38. Nb7 Ra8 39. Nd6+ Ke6 40. Nxf5 Kxf5 41. Rb1 Nc3 42. Rb3 Ne2+ 43. Kf1 Nd4 44. Bxd4 exd4 45. b6 axb6 46. axb6 Rb8 47. Ke2 Ke6 48. Kd3 Kd5 49. b7 h4 50. Rb4 g6 51. Rxd4+ Kc6 52. Rf4 h3 53. Rxf6+ Kd5 54. g4 Rxb7 55. Rxg6 Rb3+ 56. Ke2 Rb2+ 57. Ke3 Rxh2 58. Rh6 Rh1 59. Kf4 Kd4 60. g5 h2 61. Kf5 Rf1 1-0

[Event "FICGS rapid A 000126 email"]
[Site "FICGS email"]
[Date "2012.05.11"]
[Round "1"]
[White "Basant, Neel"]
[Black "Komaromi, Gabor"]
[Result "1/2-1/2"]
[WhiteElo "2000"]
[BlackElo "2000"]
[PlyCount "108"]
[EventDate "2012.??.??"]
[EventType "tourn (rapid)"]
[EventRounds "6"]
[SourceTitle "Corr 2022"]
[Source "ChessBase"]
[SourceDate "2021.10.24"]
[SourceVersion "1"]
[SourceVersionDate "2021.10.24"]
[SourceQuality "1"]

1. e4 c6 2. Nf3 d5 3. Nc3 Bg4 4. Be2 e6 5. 0-0 Nf6 6. Ne5 Bxe2 7. Qxe2 d4 8. Nb1 Nfd7 9. Nf3 c5 10. d3 Be7 11. a4 Nc6 12. Bf4 g5 13. Bg3 h5 14. h3 g4 15. Nfd2 Bh4 16. Bh2 Qg5 17. Kh1 Qg7 18. Nc4 Rg8 19. f4 0-0-0 20. a5 Nb4 21. f5 e5 22. Nba3 Qf6 23. c3 Nc6 24. Nb5 a6 25. Nbd6+ Kc7 26. Qc2 gxh3 27. gxh3 Bg3 28. Rg1 h4 29. Qb3 Rb8 30. Rg2 Qe7 31. Rag1 Nxa5 32. Nxa5 Qxd6 33. Qxf7 dxc3 34. Nc4 Qxd3 35. Nxe5 Qd4 36. Nxd7 Qxd7 37. Qxd7+ Kxd7 38. bxc3 Kd6 39. Bxg3+ hxg3 40. Rd2+ Ke5 41. Rd7 Kxe4 42. f6 Rbf8 43. Re1+ Kf5 44. Rf1+ Kg6 45. Rf4 Kg5 46. Rf3 Rg6 47. Rxg3+ Kf5 48. Rxg6 Kxg6 49. Rxb7 Rxf6 50. Kg2 Rd6 51. Rc7 Rd2+ 52. Kf3 Rd3+ 53. Ke4 Rxc3 54. Kd5 Rxh3 1/2-1/2